| 000 | 00576nam a2200217Ia 4500 | ||
|---|---|---|---|
| 005 | 20250923145603.0 | ||
| 008 | 008 250917s9999 xx 000 0 eng d | ||
| 037 | _aTextual | ||
| 040 |
_aDSWL _beng _cDSWL |
||
| 041 |
_aeng _2eng |
||
| 084 |
_aX:9, N80 _qDSWL |
||
| 100 |
_aMamoria, C.B. _9836890 |
||
| 245 | 0 |
_aPersonnel Management _c by C.B.Mamoria |
|
| 250 | _aIst | ||
| 260 |
_aBombay _bHimalaya Pub. House _c1980 |
||
| 300 | _axxiv,871p. | ||
| 365 |
_aINR _b40.50 |
||
| 925 | _g40.50 | ||
| 942 |
_cTEXL _hX:9, N80 |
||
| 999 |
_c1453185 _d1453185 |
||